000 00860nac a22002657a 4500
001 BR9300542
003 BR-BrBNA
005 20240105121347.0
008 230509b bl.|||m| |||| 00| 0 por d
040 _aBR-BrBNA
_bpor
_cBiblioteca Nacional de Agricultura
072 _aF30
090 _a1122 BR9300542
100 1 _aVieira Neto, R.D.
110 1 _aCentro Nacional de Pesquisa de Coco, Aracaju, SE (Brasil)
_91760
245 1 _aComportamento de cultivares de mamoeiro no Estado de Sergipe
260 3 _aAracaju, SE (Brasil):
_c1992.
300 _a6 p.
490 _aPesquisa em Andamento - Centro Nacional de Pesquisa de Coco (Brazil)
_vno. 48
_xISSN 0102-9959
500 _a5 tables
650 _aMamao
650 _aComportamento de Variedade
650 _aSergipe
909 _a202312
_bLúcia Elande
_c55
_dLúcia Elande
942 _2AGRIS
_n0
_cMS
999 _c284862
_d284862